MARC

LEADER 00000nam0a2200000 4500
001 352827
005 20231102010533.0
035 |a (RuTPU)RU\TPU\retro\9645 
090 |a 352827 
100 |a 20200207d1952 m y0rusy50 ca 
101 0 |a rus 
102 |a RU 
105 |a a z 000zy 
200 1 |a Природа Антарктики  |e стенограмма публичной лекции  |f В. Х. Буйницкий  |g Всесоюзное общество по распространению политических и научных знаний, Ленинградское отделение 
210 |a Ленинград  |d 1952 
215 |a 32 с.  |c ил. 
606 1 |a Антарктика  |x География  |2 stltpush  |3 (RuTPU)RU\TPU\subj\29126  |9 52524 
610 1 |a природа 
610 1 |a исследования 
610 1 |a экспедиции 
610 1 |a полезные ископаемые 
610 1 |a геология 
610 1 |a ледовый режим 
610 1 |a ледники 
675 |a 91(99)  |v 4 
700 1 |a Буйницкий  |b В. Х.  |g Виктор Харлампиевич 
712 0 2 |a Всесоюзное общество по распространению политических и научных знаний  |b Ленинградское отделение  |2 stltpush  |3 (RuTPU)RU\TPU\col\24457  |9 28433 
801 1 |a RU  |b 63413507  |c 20200207 
942 |c BK